=LDR 00000nam 2200000 4500 =001 INLIS000000000036025 =005 20200826085257 =035 ##$$a 0010-061300000036025 =008 200826################g##########0#ind## =041 ##$$a Ind =082 ##$$a 2X2.21 =090 ##$$a 2X2.21, Bah h =100 ##$$a Bahreisy, Hussein =245 1#$$a Hadits shahih Bukhari : $b Himpunan hadits pilihan /$c Hussein Bahreisy =260 ##$$a Surabaya :$b Al-Ikhlas,$c 1980 =300 ##$$a xii. 409 hlm, ; $c 20 x 14 cm =650 #4$$a Himpunan Hadits Bukhari =850 ##$$a NBPNMAT =084 ##$$a 2X2.21 BAH h =990 ##$$a 0001/BPAP-NTB/2016 =990 ##$$a 00085946